000 00893cam a2200313 4500
008 090401t1994 xxu||||| |||| 00| 0 eng d
020 _a0117529443
035 _a(Sirsi) u73412
041 _aeng
050 _a711.52
110 _aUnited Kingdom
_bDepartment of the Environment
_9982
245 _aPlanning policy guidance: planning and the historic environment.
260 _aLondon
_bHMSO
_c1994
300 _a64p. ; 40cm.
350 _a8.4
490 _aPPG
_v15
520 _aUpdates the advice in the DoE Circular 8/87.
650 _aCHURCHES
650 _aCONSERVATION AREAS
650 _aDEVELOPMENT CONTROL
650 _aECCLESIASTICAL EXEMPTION
650 _aHISTORIC BUILDINGS
650 _aLISTED BUILDINGS
650 _aPPG15
690 _aPLANNING LAW AND PRACTICE
710 _aDepartment of National Heritage
_9729
942 _n0
948 _c04/03/1997
999 _c95589
_d95589